000 00321nam a2200121Ia 4500
008 220204s9999 xx 000 0 und d
082 _a336.12
_bJOS
100 _aJoshi, P L
245 0 _aZero base budgeting technology in government
260 _aBombay
_bDhruv &Deep
_c1987
650 _aZero base budgeting
942 _cBK
999 _c39531
_d39531